| 000 | 00319nam a2200097Ia 4500 | ||
|---|---|---|---|
| 082 | _a364.0968|CRIM | ||
| 245 | 0 | _aCriminal justice social work : a South African practice framework | |
| 100 |
_a Holtzhausen, Leon Claremont [South Africa], 2012 _967824 |
||
| 942 | _cBK | ||
| 008 | 210817s9999 xx 000 0 und d | ||
| 999 |
_c218917 _d218916 |
||